Normal view
MARC view
- اعده وترجم نصوصه جرار، صلاح
Entry Personal Name
001 - CONTROL NUMBER
- control field: 33610
003 - CONTROL NUMBER IDENTIFIER
- control field: JO-AjAnu
005 - DATE AND TIME OF LATEST TRANSACTION
- control field: 20230606075634.0
008 - FIXED-LENGTH DATA ELEMENTS
- fixed length control field: 230606|| aca||aabn | a|a d
040 ## - CATALOGING SOURCE
- Original cataloging agency: JO-AjAnu
- Transcribing agency: JO-AjAnu
100 ## - HEADING--PERSONAL NAME
- Personal name: اعده وترجم نصوصه جرار، صلاح
670 ## - SOURCE DATA FOUND
- Source citation: Work cat.: (JO-AjAnu)17266: اعده وترجم نصوصه جرار، صلاح, author, قلعة صانور وتاريخ آل جرار : صور من مشاهدات الرحالة في القرنين الثامن عشر والتاسع عشر